000 01245cam a2200241 4500
001 ABS65150
008 020228n2002 000 0 eng u
035 _a(Sirsi) u116899
100 _aRodrigues, M.
245 _aAuthorised version
260 _c2002
490 _aEstates Gazette
_v(0207) 16 February 2002, 115(1)
520 _aExplains that the provisions of the Financial Services Act 1986 could affect surveyors. It considers the implications for surveyors who promote, establish and operate a property investment vehicle, such as limited partnership or unit trust, in the course of their business. Concludes that it is important to consider whether structuring property investments with pooled contributions will create a collective investment scheme, as promotion restrictions apply to CIVs, and an authorised person will have to be involved from the beginning of any campaign.
590 _aABS
650 _aFINANCIAL SERVICES AND MARKETS ACT 2000
650 _aPROPERTY INVESTMENT VEHICLES
650 _aCIS
650 _aCOLLECTIVE INVESTMENT SCHEMES
650 _aFINANCIAL SERVICES ACT 1986
650 _aFINANCIAL SERVICES AUTHORITY
690 _aMANAGEMENT-BUSINESS MANAGEMENT-FINANCIAL MANAGEMENT
942 _n0
999 _c69636
_d69636